Mito y realidad de Rapanui: la cultura de la Isla de Pascua

Saved in:
Bibliografiske detaljer
Hovedforfatter: Campbell, Ramón (Author)
Format: Bog
Sprog:spansk
Udgivet: Santiago Andrés Bello 1999
Udgivelse:3a. ed
Fag:
Tags: Tilføj Tag
Ingen Tags, Vær først til at tagge denne postø!

MARC

LEADER 00000nam a2200000 a 4500
001 UCM1040
003 CL-VaPUC
008 020322e19990621CL |||||||||||||||||spa|d
082 0 4 |a 390.0983  |b CAM  |2 21 
100 0 |a Campbell, Ramón  |e author  |9 468073 
245 1 0 |a Mito y realidad de Rapanui: la cultura de la Isla de Pascua 
250 |a 3a. ed 
300 |a 368 p 
942 |c BK 
945 |d 20020322 00:00:00  |a cmena 
260 |a Santiago  |b Andrés Bello  |c 1999 
600 0 7 |a HEYERDAHL, THOR  |2 CL-VaPUC  |9 468074 
600 0 7 |a ENGLERT, SEBASTIAN  |2 CL-VaPUC  |9 468075 
650 0 |a Costumbres y tradiciones   |9 268292 
650 0 |a Antropología cultural y social   |9 265143 
650 0 |a Iconografía   |9 267998 
650 0 |a Etnografía   |9 309735 
650 0 |a Arqueología   |9 265619 
651 0 |a Isla de Pascua  |9 261357 
583 |a last modification  |c 20020322 00:00:00  |k Rodrigo Vera 
999 |c 299754  |d 299752 
952 |0 0  |1 0  |4 0  |6 390_098300000000000_CAM_1999  |7 0  |8 X  |9 356655  |a FDOMLP  |b FDOMLP  |d 2019-11-21  |i 3797309  |o 390.0983 CAM 1999  |p 3797309  |r 2019-11-21  |w 2019-11-21  |y BK_X  |k BU2 
952 |0 0  |1 0  |4 0  |6 390_098300000000000_CAM_1999  |7 0  |8 X  |9 356656  |a FDOBUD  |b FDOBUD  |d 2019-11-21  |i 106195K  |o 390.0983 CAM 1999  |p 106195K  |r 2019-11-21  |w 2019-11-21  |y BK_X  |k BUD